Central Library OPAC University of Rajshahi

শিক্ষাযাত্রা ১৯৮৭-৯৭ : (Record no. 47479)

MARC details
000 -LEADER
fixed length control field 00861nam a22002297a 4500
001 - CONTROL NUMBER
control field 47479
003 - CONTROL NUMBER IDENTIFIER
rucl marc code BD-RjUL
005 - DATE AND TIME OF LATEST TRANSACTION
control field 20211209054326.0
008 - FIXED-LENGTH DATA ELEMENTS--GENERAL INFORMATION
fixed length control field 160808s1998 bg ||||| |||| 00| 0 ben d
020 ## - INTERNATIONAL STANDARD BOOK NUMBER
International Standard Book Number 9843101740
Terms of availability : 250.00
035 ## - SYSTEM CONTROL NUMBER
System control number (BD-RjUL) 47598
040 ## - CATALOGING SOURCE
Original cataloging agency BD-RjUL
Language of cataloging ben
Transcribing agency BD-RjUL
041 ## - LANGUAGE CODE
Language code of text/sound track or separate title ben
082 ## - DEWEY DECIMAL CLASSIFICATION NUMBER
Edition number 23
Classification number 370.95492
Author mark and year SHI 1998
245 00 - TITLE STATEMENT
Title শিক্ষাযাত্রা ১৯৮৭-৯৭ :
Remainder of title নির্বাচিত রচনা /
260 ## - PUBLICATION, DISTRIBUTION, ETC. (IMPRINT)
Place of publication, distribution, etc. ঢাকা :
Name of publisher, distributor, etc. জাতীয় সাহিত্য প্রকাশ,
Date of publication, distribution, etc. ১৯৯৮
300 ## - PHYSICAL DESCRIPTION
Pagination ৪৬৪ পৃ. ;
Size ২১ সেমি.
650 ## - SUBJECT ADDED ENTRY--TOPICAL TERM
Topical term or geographic name as entry element শিক্ষা
Geographic subdivision বাংলাদেশ
9 (RLIN) 144372
Topical term or geographic name as entry element Education
Geographic subdivision Bangladesh
9 (RLIN) 144373
700 ## - ADDED ENTRY--PERSONAL NAME
Personal name রাশেদা, এ.এন. সম্পাদক
942 ## - ADDED ENTRY ELEMENTS (KOHA)
Source of classification or shelving scheme Dewey Decimal Classification
Koha item type Books
Holdings
Lost status Source of classification or shelving scheme Damaged status Not for loan Collection code Permanent Location Current Location Shelving location Date acquired Source of acquisition Cost, normal purchase price Total Checkouts Full call number Date last seen Copy number Koha item type
  Dewey Decimal Classification     Non-fiction Central Library, University of Rajshahi Central Library, University of Rajshahi   26/04/1998 Shikkhabarta, Dhaka 250.00   B 370.95492 SHI V-2 1998 08/08/2016 C-2 Books
  Dewey Decimal Classification     Non-fiction Central Library, University of Rajshahi Central Library, University of Rajshahi   26/04/1998 Shikkhabarta, Dhaka 250.00   B 370.95492 SHI V-2 1998 08/08/2016 C-3 Books
  Dewey Decimal Classification     Non-fiction Central Library, University of Rajshahi Central Library, University of Rajshahi   26/04/1998 Shikkhabarta, Dhaka 250.00   B 370.95492 SHI V-2 1998 08/08/2016 C-4 Books
  Dewey Decimal Classification     Non-fiction Central Library, University of Rajshahi Central Library, University of Rajshahi   26/04/1998 Shikkhabarta, Dhaka 250.00   B 370.95492 SHI V-1 1998 08/08/2016 C-5 Books
  Dewey Decimal Classification     Non-fiction Central Library, University of Rajshahi Central Library, University of Rajshahi   26/04/1998 Shikkhabarta, Dhaka 250.00   B 370.95492 SHI V-3 2000 08/08/2016 C-6 Books
  Dewey Decimal Classification     Non-fiction Central Library, University of Rajshahi Central Library, University of Rajshahi   26/04/1998 Shikkha Barrta, Dhaka. 250.00   B 370.95492 SHI V-1 1997 10/08/2016 C-2 Books
  Dewey Decimal Classification     Non-fiction Central Library, University of Rajshahi Central Library, University of Rajshahi   26/04/1998 Shikkha Barrta, Dhaka. 250.00   B 370.95492 SHI V-1 1997 10/08/2016 C-3 Books